000 01304nam a22002657a 4500
005 20110805120226.0
020 _a0195691201
_c325.00
020 _a9780195694208
_c325.00
035 _aB-428002
037 _bAllied/DE2010/CR/2777/16.3.11/280/4.3.11/30.3.11
082 0 0 _a891.4312080382
_219
245 0 0 _aSongs of the saints of India /
_ctext and notes by John Stratton Hawley ; translations by J.S. Hawley and Mark Juergensmeyer.
260 _aNew Delhi :
_bOxford University Press,
_c2010.
300 _axii, 244 p. :
_bill. ;
_c22 cm. (Pbk)
500 _aIncludes index.& Bibliography: p. [217]-223.
650 0 _aDevotional poetry, Indic
_vTranslations into English.
_931752
650 0 _aPoets, Indic
_vBiography.
_931753
650 0 _aHindu saints
_vBiography.
_931754
700 1 _aHawley, John Stratton,
_d1941-
_931521
700 1 _aJuergensmeyer, Mark.
_931522
856 4 2 _3Publisher description
_uhttp://www.loc.gov/catdir/enhancements/fy0638/87024155-d.html
942 _2ddc
_cEN
_h891.4312080382
_mSON
999 _c54944
_d54944